Algo nuevo en pedagogía
Gespeichert in:
| 1. Verfasser: | |
|---|---|
| Format: | Buch |
| Sprache: | Spanisch |
| Veröffentlicht: |
Santiago
Orione
1983
|
| Schlagworte: | |
| Tags: |
Tag hinzufügen
Keine Tags, Fügen Sie den ersten Tag hinzu!
|
MARC
| LEADER | 00000nam a2200000 a 4500 | ||
|---|---|---|---|
| 001 | UCY8478 | ||
| 003 | CL-VaPUC | ||
| 008 | 950703e19830000CL |||||||||||||||||spa|d | ||
| 082 | 0 | 4 | |a 377.82 |b FER |2 21 |
| 100 | 0 | |a Ferrini Vicini, Pedro |e author |9 339875 | |
| 245 | 1 | 0 | |a Algo nuevo en pedagogía |
| 300 | |a 35 p | ||
| 942 | |c BK | ||
| 945 | |d 19950703 00:00:00 |a mfernand | ||
| 260 | |a Santiago |b Orione |c 1983 | ||
| 650 | 7 | |a ESCUELAS CATOLICAS |2 CL-VaPUC |9 308042 | |
| 650 | 0 | |a Pedagogía |9 255351 | |
| 650 | 0 | |a Educación religiosa |9 308312 | |
| 650 | 0 | |a Cristianismo |9 257361 | |
| 650 | 0 | |a Catolicismo |9 258690 | |
| 650 | 0 | |a Métodos de enseñanza |9 270413 | |
| 650 | 0 | |a Disciplina escolar |9 271077 | |
| 650 | 7 | |a CASTIGOS ESCOLARES |2 CL-VaPUC |9 339741 | |
| 650 | 0 | |a Docentes |9 311365 | |
| 650 | 0 | |a Alumnos |9 335074 | |
| 583 | |a last modification |c 19950703 00:00:00 |k Rodrigo Vera | ||
| 999 | |c 235717 |d 235715 | ||
| 952 | |0 0 |1 0 |4 0 |6 377_820000000000000_FER_1983 |7 0 |8 P |9 243314 |a BIBEDU |b BIBEDU |c BIBEDU_PB |d 2019-11-18 |i 1528211 |o 377.82 FER 1983 |p 1528211 |r 2024-01-25 |w 2019-11-18 |y BK |k EDU | ||